Name that person 50s and 60s - Statistics

General Stats
  • This quiz has been taken 100 times
  • The average score is 13 of 16
Answer Stats
Picture Answer % Correct
john f kennedy
99%
elvis presley
98%
muhammad ali
97%
john lennon
95%
marilyn monroe
89%
bruce lee
86%
ray charles
83%
jimi hendrix
82%
mao zedong
79%
clint eastwood
76%
dwight eisenhower
76%
aretha franklin
75%
bob dylan
72%
chuck berry
61%
art garfunkel
60%
ronald reagan
60%
No matching quizzes found
Score Distribution
Percent of People with Each Score
Percentile by Number Answered
Your Score History
You have not taken this quiz